| 000 | 01302nam a22002537a 4500 | ||
|---|---|---|---|
| 005 | 20180405120253.0 | ||
| 010 | _aHIN-103889 B-690154-155 बलिदानी | ||
| 020 |
_a9788189573621 _c175.00 |
||
| 020 | _c300.00 | ||
| 035 | _aHN-76235 | ||
| 035 | _aB-690154-155 | ||
| 037 | _bDBAD / PUB | ||
| 037 | _bप्रताप | ||
| 082 | _a921 | ||
| 100 | _aकपूर, सुशील | ||
| 245 |
_aभारत के वीर योद्धाःमहाराणा प्रताप / _cसुशील कपूर |
||
| 246 |
_aBharat ka veer Yoddha Maharana Pratap _bby Sushil Kapoor |
||
| 260 |
_aदिल्ली _bचिल्ड्न बुक टेंपल _c2014 _c2017 बलिदानी |
||
| 270 |
_aसी-55, गणेश नगर, पांडव नगर काॅम्प्लैक्स _bदिल्ली _e110092 |
||
| 300 |
_a136पृ. _c22 सेमी.(सजिल्द) |
||
| 500 | _aबलिदानी पुस्तक | ||
| 942 |
_2ddc _cHN _h921 _mकपूर |
||
| 999 |
_c89577 _d89577 |
||